000 01954cam a22002054a 4500
005 20250605164119.0
008 250528s ||||||||||||||||||||||||d
035 _a18210
020 _a9602550465
040 _aGR-AtMCL
_bgre
_dGR-AtMCL
_eAACR2
245 1 _aΕισαγωγή στη Σύγχρονη Μακροοικονομική
260 _bAddison Wesley Longman,
_c1994
300 _a508
520 _aΠρόλογος, Αντικείμενο της Μακροοικονομικής και Βασικές Μακροοικονομικές Έννοιες, Η Μέτρηση των Βασικών Μακροοικονομικών Μεγεθών: Οι Εθνικοί Λογαριασμοί, Ο Προσδιορισμός των Βασικών Οικονομικών Μεγεθών, Ο Πολλαπλασιαστής Δαπάνης, Κατανάλωση και Αποταμίευση, Οι Επενδύσεις και Οι Παράγοντες που τις Επηρεάζουν, Ο Δημόσιος Τομέας και η Επίδραση του στο Εθνικό Εισόδημα, Το Χρήμα και οι Τράπεζες, Η Ανεργία και οι Επιπτώσεις της, Ο Πληθωρισμός και οι Επιπτώσεις του, Η Μακροοικονομική Ισορροπία σε Ανοιχτή Οικονομία, Οι Διακυμάνσεις της Οικονομικής Δραστηριότητας, Η Κατάσταση της Ελληνικής Οικονομίας κατά το Τέλος της Δεκαετίας του 1980-90 και οι Προοπτικές της για το 1992, Επίλογος, Βιβλιογραφία, Κυριότερες Επιστημονικές Εργασίες των Συγγραφέων.
700 1 _aΑθηνα Πετρακη Κωττη
_94498
700 1 _aΚώττης Γεώργιος Χριστ
_93547
942 _cBK
999 _c3587
_d3587